| 000 | 00637nam a2200253Ia 4500 | ||
|---|---|---|---|
| 003 | OSt | ||
| 005 | 20221006144418.0 | ||
| 006 | a|||||r|||| 00| 0 | ||
| 007 | ta | ||
| 008 | 221006b |||||||| |||| 00| 0 eng d | ||
| 020 |
_a0091474701 _c179.00 |
||
| 024 | _a11,640 | ||
| 037 | _cTextual | ||
| 040 |
_aEASL _cEASL _beng |
||
| 041 |
_2eng _aeng |
||
| 082 | _aV42:1973.N45, M2 | ||
| 100 | _aLEWIN Ronald | ||
| 245 | 0 | _aOther ultra | |
| 260 |
_aLondon _bHutchinson _c1982 |
||
| 300 |
_axv,332p. _ccm. |
||
| 490 | _v JEL | ||
| 942 |
_hV42:1973.N45, M2 _cTEXL _2CC |
||
| 999 |
_c1079726 _d1079726 |
||